[Event "FRA-ch Seniors"]
[Site "Nancy"]
[Date "2013.08.16"]
[Round "5"]
[White "Andrieu, Philippe"]
[Black "Cortes, Jaime"]
[Result "1-0"]
[WhiteElo "1925"]
[BlackElo "1892"]
[PlyCount "79"]
[EventDate "2013.08.11"]
[EventType "swiss"]
[EventRounds "11"]
[EventCountry "FRA"]
[SourceTitle "CBM 156 Extra"]
[Source "ChessBase"]
[SourceDate "2013.10.22"]
[SourceVersion "1"]
[SourceVersionDate "2013.10.22"]
[SourceQuality "1"]

1. c4 e5 2. Nc3 Nf6 3. g3 c6 4. Bg2 Be7 5. Nf3 d6 6. 0-0 0-0 7. Qc2 Na6 8. a3 Nc7 9. d4 exd4 10. Nxd4 d5 11. cxd5 Ncxd5 12. Bg5 h6 13. Nxd5 Nxd5 14. Bxe7 Nxe7 15. Rfd1 Qa5 16. Nb3 Qe5 17. Nc5 Nd5 18. e4 Nf6 19. Rd2 b6 20. Nd3 Qc7 21. e5 Ng4 22. Qxc6 Qxc6 23. Bxc6 Rb8 24. h3 Rd8 25. hxg4 Bxg4 26. f3 Rbc8 27. Be4 Rd4 28. Kf2 Rcd8 29. Ke3 Be6 30. Rad1 Bb3 31. Nf4 Bxd1 32. Rxd4 Rxd4 33. Kxd4 Kf8 34. Bc6 b5 35. Nd3 Ke7 36. Nb4 h5 37. Be4 a5 38. Nd5+ Ke6 39. Nb6 h4 40. gxh4 1-0

[Event "FRA-ch Seniors"]
[Site "Pau"]
[Date "2012.08.23"]
[Round "9"]
[White "Dubreuil, Remy"]
[Black "Cortes, Jaime"]
[Result "1/2-1/2"]
[WhiteElo "1854"]
[BlackElo "1895"]
[PlyCount "63"]
[EventDate "2012.08.14"]
[EventType "swiss"]
[EventRounds "11"]
[EventCountry "FRA"]
[SourceTitle "EXT 2013"]
[Source "ChessBase"]
[SourceDate "2012.11.22"]
[SourceVersion "1"]
[SourceVersionDate "2012.11.22"]
[SourceQuality "1"]

1. b3 d5 2. Bb2 Nf6 3. e3 Nbd7 4. Nf3 e6 5. Be2 Be7 6. 0-0 0-0 7. d4 b6 8. Nbd2 Bb7 9. Rc1 c5 10. c3 Rc8 11. Ne5 Ne4 12. Nxd7 Qxd7 13. Nf3 f6 14. Bd3 Bd6 15. Nd2 Nxd2 16. Qxd2 f5 17. b4 Rc7 18. Qe2 a5 19. a4 Bc6 20. Ra1 Rcc8 21. Ba6 Rb8 22. Ba3 Qe7 23. Rfc1 Be8 24. Bb2 g5 25. g3 g4 26. Bd3 h5 27. c4 Bg6 28. Qe1 Qd8 29. Qc3 Bh7 30. Rc2 h4 31. Rf1 Rb7 32. Kg2 1/2-1/2

[Event "FRA-ch Seniors"]
[Site "Caen"]
[Date "2011.08.24"]
[Round "8"]
[White "Gibson, John"]
[Black "Cortes, Jaime"]
[Result "1-0"]
[WhiteElo "1865"]
[BlackElo "1943"]
[PlyCount "77"]
[EventDate "2011.08.16"]
[EventType "swiss"]
[EventRounds "11"]
[EventCountry "FRA"]
[SourceTitle "CBM 144 Extra"]
[Source "ChessBase"]
[SourceDate "2011.10.28"]
[SourceVersion "1"]
[SourceVersionDate "2011.10.28"]
[SourceQuality "1"]

1. f4 d5 2. Nf3 e6 3. e3 c5 4. d3 Nd7 5. Be2 Ngf6 6. 0-0 Be7 7. Qe1 0-0 8. Nc3 a6 9. e4 d4 10. Nd1 b5 11. a4 Bb7 12. Ne5 Nxe5 13. fxe5 Nd7 14. Bf4 Bg5 15. Bg3 Qc7 16. Nf2 Be3 17. Kh1 Bxf2 18. Qxf2 Nxe5 19. Qf4 f6 20. axb5 axb5 21. Rxa8 Rxa8 22. h4 Qe7 23. h5 Nf7 24. Bh4 e5 25. Qg3 Kh8 26. Qf2 Qe6 27. Qg3 Nh6 28. Qf2 Bc6 29. Bxf6 c4 30. Bg5 Ng8 31. Qg3 Bd7 32. Rf5 cxd3 33. cxd3 Qa2 34. Rxe5 Qb1+ 35. Kh2 Ra1 36. Qf2 h6 37. Be7 Qxb2 38. Bf8 Ra2 39. Qf7 1-0

[Event "FRA-ch Veterans"]
[Site "Belfort"]
[Date "2010.??.??"]
[Round "11"]
[White "Cortes, Jaime"]
[Black "Carrot, Patrick"]
[Result "1-0"]
[WhiteElo "1948"]
[BlackElo "1835"]
[PlyCount "45"]
[EventDate "2010.08.10"]
[EventType "swiss"]
[EventRounds "11"]
[EventCountry "FRA"]
[SourceTitle "CBM 138 Extra"]
[Source "ChessBase"]
[SourceDate "2010.10.29"]
[SourceVersion "1"]
[SourceVersionDate "2010.10.29"]
[SourceQuality "1"]

1. d4 Nf6 2. c4 g6 3. Nf3 Bg7 4. Nc3 d5 5. Bg5 Ne4 6. Bh4 c6 7. e3 Nxc3 8. bxc3 0-0 9. cxd5 cxd5 10. Qb3 Nc6 11. Bd3 Re8 12. 0-0 Qd6 13. Bg3 e5 14. Bb5 f6 15. dxe5 fxe5 16. Rad1 Be6 17. Ng5 a6 18. Nxe6 Qxe6 19. Be2 e4 20. Rxd5 b5 21. Rfd1 Rac8 22. Qa3 Nd4 23. R5xd4 1-0

[Event "FRA-ch Veterans"]
[Site "Pau"]
[Date "2008.08.17"]
[Round "6"]
[White "Cortes, Jaime"]
[Black "Guillaumat, Jean Pierre"]
[Result "1-0"]
[WhiteElo "1873"]
[BlackElo "1969"]
[PlyCount "96"]
[EventDate "2008.08.11"]
[EventType "swiss"]
[EventRounds "9"]
[EventCountry "FRA"]
[SourceTitle "CBM 126 Extra"]
[Source "ChessBase"]
[SourceDate "2008.11.05"]
[SourceVersion "1"]
[SourceVersionDate "2008.11.05"]
[SourceQuality "1"]

1. d4 d5 2. c4 c6 3. Nf3 Nf6 4. g3 dxc4 5. a4 Bg4 6. Bg2 Bxf3 7. Bxf3 e6 8. 0-0 Be7 9. e4 0-0 10. Na3 Na6 11. Nxc4 Nb4 12. Be3 a5 13. Qb3 b5 14. Ne5 Rc8 15. Rac1 Nd7 16. Nxd7 Qxd7 17. Rfd1 h6 18. Bg4 Qb7 19. Bf3 Rfd8 20. Kg2 Bg5 21. Bxg5 hxg5 22. Rc5 Qb6 23. Qe3 bxa4 24. Qxg5 f6 25. Qg4 Re8 26. Rh5 Nc2 27. Qg6 Nxd4 28. Rh7 Qb7 29. Rxd4 Qf7 30. Qxf7+ Kxf7 31. Rd7+ Re7 32. Rxg7+ Kxg7 33. Rxe7+ Kg6 34. Ra7 Rb8 35. Rxa5 Rxb2 36. Rxa4 c5 37. Rc4 Rb5 38. h4 Ra5 39. Bd1 e5 40. Ba4 f5 41. Be8+ Kf6 42. exf5 Kxf5 43. g4+ Ke6 44. h5 Ra8 45. Bc6 Rc8 46. Rxc5 Kd6 47. Rc2 Rxc6 48. Rxc6+ Kxc6 1-0